| 000 | 00760naa a2200229 i 4500 | ||
|---|---|---|---|
| 001 | 47634 | ||
| 003 | ES-MaBCM | ||
| 005 | 20241016105008.0 | ||
| 008 | 970704s1997 esp 000 0 spa d | ||
| 021 | _axx | ||
| 035 | _a(OCoLC)1365150544 | ||
| 040 | _cES-MaBCM | ||
| 041 | 0 | _aspa | |
| 043 | _aesp | ||
| 100 | 1 |
_aPaya Pujado, Alejandro S. _935745 |
|
| 245 | 1 | 4 |
_aLos efectos de las directivas comunitarias _b: una visión crítica de la Setencia del Tribunal Supremo de 8 de noviembre de 1966 _cAlejandro S. Paya Pujado |
| 650 | 2 | 7 |
_aAplicación del derecho de la UE _957566 |
| 651 | 2 | 4 |
_aEspaña _9115342 |
| 655 | 4 |
_aJurisprudencia comentada _959143 |
|
| 773 | 0 |
_aEn: _tLa Ley _dMadrid : 1997 _gn. 4317, jun., p. 1-8. - Loc. S.54 _w104460 |
|
| 942 | _cAREV | ||
| 999 |
_c47634 _d47634 |
||